000 00631pam a2200217 a 4500
001 3871097
005 20251211104530.0
008 891030s1990 moua b 001 0 eng c
020 _a0801660653
020 _a9780801660658
050 0 0 _aRT98
_b.N88 1990
082 0 0 _a610.73/43
_220
245 0 0 _aNursing in the community /
_c[edited by] Bonnie Bullough, Vern Bullough.
260 _aSt. Louis :
_bMosby,
_c1990.
300 _axii, 712 p. :
_bill. ;
_c26 cm.
650 0 _aCommunity health nursing.
650 2 _aCommunity Health Nursing.
700 1 _aBullough, Bonnie.
700 1 _aBullough, Vern L.
942 _2lcc
_cBK
_n0
999 _c8543
_d8543